000 00320nam a22001337a 4500
008 170511b xxu||||| |||| 00| 0 eng d
020 _a9781599413563
041 _aeng
080 _a34
100 _a15
101 _aSHJ
245 _aFEDERAL COURTS AND THE LAW OF FEDERAL-STATE RELATIONS
_cLOW, P.W
942 _2udc
_cBK
999 _c13175
_d13175